[Event "Open A"]
[Site "Bethune FRA"]
[Date "2005.12.29"]
[Round "7"]
[White "Afek,Y"]
[Black "Hulin,J"]
[Result "1-0"]
[WhiteElo "2371"]
[BlackElo "2016"]

1.e4 c5 2.c3 Nf6 3.e5 Nd5 4.Nf3 Nc6 5.d4 cxd4 6.cxd4 d6 7.Bc4 dxe5 8.Bxd5 Qxd5
9.Nc3 Qa5 10.d5 e4 11.dxc6 exf3 12.Qxf3 Qa6 13.Nd5 Qxc6 14.Bf4 e5 15.Bxe5 Bg4
16.Qxg4 Qxd5 17.O-O Qe6 18.Qf3 Qc6 19.Qg3 Qg6 20.Qc3 Rd8 21.Rfe1 Be7 22.Bxg7 Rg8
23.Rxe7+ Kxe7 24.Qc5+ Rd6 25.Re1+ Qe6 26.Rxe6+ fxe6 27.Bf6+  1-0

[Event "Xstrata ch-AUS 2006"]
[Site "Brisbane AUS"]
[Date "2005.12.31"]
[Round "4"]
[White "Levi,E"]
[Black "Canfell,G"]
[Result "0-1"]
[WhiteElo "2241"]
[BlackElo "2354"]

1.e4 c5 2.c3 Nf6 3.e5 Nd5 4.d4 cxd4 5.Qxd4 e6 6.Nf3 Nc6 7.Qe4 f5 8.exf6 Nxf6
9.Qh4 Be7 10.Bd3 O-O 11.Bg5 g6 12.O-O Nh5 13.Nbd2 Bxg5 14.Qxg5 Qxg5 15.Nxg5 Nf4
16.Bc2 Ne2+ 17.Kh1 b6 18.g3 h6 19.Nh3 g5 20.f3 Bb7 21.Be4 d5 22.Bd3 g4 23.fxg4 d4
24.Bxe2 dxc3 25.Bf3 cxd2 26.Nf4 Rad8 27.Kg1 Ba6 28.Rfd1 Nd4 29.Bg2 Ne2+ 30.Kh1 Nxf4
31.gxf4 Be2 32.f5 exf5 33.gxf5 Bxd1 34.Rxd1 Rxf5 35.Kg1 Rc5 36.Kf2 Rc1 37.Bf3 Rxd1  0-1

[Event "Xstrata ch-AUS 2006"]
[Site "Brisbane AUS"]
[Date "2005.12.31"]
[Round "4"]
[White "Smerdon,D"]
[Black "Johansen,D"]
[Result "1-0"]
[WhiteElo "2421"]
[BlackElo "2462"]

1.e4 c5 2.c3 Nf6 3.e5 Nd5 4.d4 cxd4 5.Nf3 Nc6 6.cxd4 d6 7.Bc4 Nb6 8.Bb3 dxe5
9.d5 Na5 10.Nc3 Nxb3 11.Qxb3 e6 12.Nxe5 exd5 13.Be3 Bd6 14.Qb5+ Bd7 15.Nxd7 Qxd7
16.O-O-O Qxb5 17.Nxb5 Rc8+ 18.Kb1 Bb8 19.Bxb6 axb6 20.Rhe1+ Kd7 21.Rxd5+ Kc6
22.Rf5 Rhf8 23.Rh5 h6 24.Nd4+ Kd6 25.Nf5+ Kd7 26.Nxg7 Rc6 27.Nf5 Re8 28.Rxe8 Kxe8
29.g3 Rc5 30.b4 Rc3 31.Rxh6 Be5 32.f4 Bc7 33.Nd6+  1-0

[Event "Masters"]
[Site "Hastings ENG"]
[Date "2005.12.31"]
[Round "4"]
[White "Pickersgill,A"]
[Black "Humphreys,Je"]
[Result "1/2-1/2"]
[WhiteElo "2085"]
[BlackElo "2084"]

1.e4 c5 2.c3 Nf6 3.e5 Nd5 4.d4 cxd4 5.Qxd4 e6 6.Nf3 Nc6 7.Qe4 d6 8.Bb5 Qc7
9.c4 f5 10.Qe2 Nb6 11.O-O Be7 12.exd6 Bxd6 13.Be3 Nd7 14.Nc3 O-O 15.Rfd1 Nf6
16.c5 Be7 17.Bc4 Kh8 18.Nb5 Qb8 19.g3 e5 20.Nd6 Bxd6 21.cxd6 h6 22.Nh4 Rd8
23.Bc5 Ne4 24.Ba3 Nxd6 25.Ng6+ Kh7 26.Nf8+ Kh8 27.Ng6+ Kh7 28.Nf8+ Kh8 29.Ng6+  1/2-1/2

[Event "10th Open"]
[Site "Bad Zwesten GER"]
[Date "2006.01.03"]
[Round "3"]
[White "Baeumler,I"]
[Black "Mainka,R"]
[Result "0-1"]
[WhiteElo "2205"]
[BlackElo "2457"]

1.e4 c5 2.c3 Nf6 3.e5 Nd5 4.d4 cxd4 5.Nf3 e6 6.cxd4 d6 7.Bc4 Nb6 8.Bd3 Nc6
9.a3 dxe5 10.dxe5 Nd7 11.Qe2 Ndxe5 12.Nxe5 Qa5+ 13.Nc3 Qxe5 14.Be3 Be7 15.O-O O-O
16.f4 Qb8 17.Ne4 f5 18.Ng5 h6 19.Qh5 hxg5 20.g4 Bd7 21.fxg5 Qe5 22.Rae1 g6
23.Qxg6+ Qg7 24.gxf5 Qxg6 25.fxg6 Ne5 26.Be4 Bc6 27.Bf4 Bc5+ 28.Kg2 Nd3 29.Bxc6 Nxe1+
30.Rxe1 Rxf4  0-1

[Event "10th Open"]
[Site "Bad Zwesten GER"]
[Date "2006.01.05"]
[Round "5"]
[White "Baeumler,I"]
[Black "Boksinski,J"]
[Result "1/2-1/2"]
[WhiteElo "2205"]
[BlackElo "2032"]

1.e4 c5 2.c3 Nf6 3.e5 Nd5 4.d4 cxd4 5.Nf3 Nc6 6.cxd4 d6 7.Bc4 Nb6 8.Bb3 dxe5
9.d5 Na5 10.Nc3 Nxb3 11.Qxb3 e6 12.Nxe5 Nxd5 13.Qb5+ Bd7 14.Qxb7 Bb4 15.Nxd7 Qc8
16.Nc5 Qxb7 17.Nxb7 Rb8 18.O-O Bxc3 19.Nd6+ Ke7 20.bxc3 Kxd6 21.c4 Nc7 22.Be3 Rb7
23.Rfd1+ Ke7 24.Bc5+ Kf6 25.Rd7 Rhb8 26.Rad1 Na6 27.Be7+ Kg6 28.h4 Nb4 29.Bc5 Nc6
30.R7d3 h5 31.Bd6 Rd8 32.R1d2 Rbd7 33.c5 Nb4 34.Rg3+ Kh7 35.Rb2 Nd5 36.Be5 f6
37.Bd6 Rc8 38.Rgb3 Rcd8 39.Rb7 Nc3 40.Kh2 Ne4 41.Be7 Rxb7 42.Rxb7 Rc8 43.Rxa7 Nxf2
44.Ra6 Nd3 45.Ra3 Ne5 46.Rb3 Ra8 47.a3 Ra4 48.g3 Rc4 49.Bd6 Kg6 50.Kg2 Kf5
51.Kf2 Ke4 52.Ke2 Kd5 53.Rb7 Rc2+ 54.Kd1 Ra2 55.Rxg7 Rxa3 56.Be7  1/2-1/2

[Event "TCh-BEL 2005-6"]
[Site "Belgium BEL"]
[Date "2006.01.08"]
[Round "6"]
[White "De Wit,M"]
[Black "Decoster,F"]
[Result "1-0"]
[WhiteElo "2259"]
[BlackElo "2145"]

1.e4 c5 2.c3 Nf6 3.e5 Nd5 4.d4 cxd4 5.Nf3 Nc6 6.Bc4 Nb6 7.Bb3 d5 8.exd6 Qxd6
9.O-O Be6 10.Bxe6 Qxe6 11.Nxd4 Nxd4 12.Qxd4 Rd8 13.Qh4 Qe2 14.Be3 Qxb2 15.Nd2 Rxd2
16.Rfb1 Qc2 17.Bxd2 Qxd2 18.a4 Qd5 19.Qg3 Nd7 20.Qc7 Qc6 21.Rxb7 Qxc7 22.Rxc7 Kd8
23.Rxa7 Kc8 24.Rb1 g5 25.a5 Bg7 26.a6 Be5 27.Rab7  1-0

[Event "TCh-BEL 2005-6"]
[Site "Belgium BEL"]
[Date "2006.01.08"]
[Round "6"]
[White "Lemmers,O"]
[Black "Smeets,J"]
[Result "0-1"]
[WhiteElo "2425"]
[BlackElo "2531"]

1.e4 c5 2.c3 Nf6 3.e5 Nd5 4.Nf3 Nc6 5.d4 cxd4 6.Bc4 Nb6 7.Bb3 d5 8.exd6 Qxd6
9.O-O Be6 10.Na3 dxc3 11.Qe2 Bxb3 12.Nb5 Qb8 13.axb3 e6 14.g3 Qc8 15.Be3 Nd5
16.Nxa7 cxb2 17.Qxb2 Nxa7 18.Rxa7 Rxa7 19.Bxa7 b6 20.Rc1 Qb7 21.Qa1 f6 22.Nd4 Kf7
23.Qa4 Bc5 24.Qc6 Qxc6 25.Nxc6 Ra8 26.b4 Bxb4 27.Bxb6 Ba3 28.Rb1 Ra6 29.Nd8+ Ke7
30.Nc6+ Ke8  0-1

[Event "Xstrata ch-AUS 2006"]
[Site "Brisbane AUS"]
[Date "2006.01.09"]
[Round "11"]
[White "Smerdon,D"]
[Black "Goldenberg,I"]
[Result "0-1"]
[WhiteElo "2421"]
[BlackElo "2335"]

1.e4 c5 2.c3 Nf6 3.e5 Nd5 4.Nf3 Nc6 5.Bc4 Nb6 6.Bb3 d5 7.exd6 Qxd6 8.Na3 a6
9.O-O Bf5 10.Bxf7+ Kxf7 11.Qb3+ Nd5 12.Nc4 Qd8 13.Qxb7 Rc8 14.g4 Rc7 15.Qb3 Bd3
16.Nce5+ Nxe5 17.Nxe5+ Kg8 18.Nxd3 c4 19.Qc2 cxd3 20.Qxd3 Qd6 21.Qe4 Nf6
22.Qe2 e5 23.d4 exd4 24.Rd1 Re7 25.Qc4+ Qe6 26.Rxd4 Qxc4 27.Rxc4 Re1+ 28.Kg2 Kf7
29.b4 Be7 30.Rf4 Ke6 31.Bb2 Re2 32.Rb1 Rd8 33.c4 Rdd2 34.Bc3 Rc2 35.Rb3 g5
36.Rf3 Nxg4 37.Ra3 Ne3+ 38.Rxe3+ Rxe3 39.Rxa6+ Kf5 40.Ra5+ Kg6 41.Ra6+ Kf7
42.Bh8 Bxb4  0-1

[Event "Open"]
[Site "Verona ITA"]
[Date "2006.01.09"]
[Round "9"]
[White "Guido,F"]
[Black "Arlandi,E"]
[Result "1/2-1/2"]
[WhiteElo "2305"]
[BlackElo "2439"]

1.e4 c5 2.c3 Nf6 3.e5 Nd5 4.d4 cxd4 5.Nf3 e6 6.cxd4 d6 7.Bc4 Nc6 8.O-O Be7
9.Qe2 O-O 10.Nc3 Nxc3 11.bxc3 dxe5 12.dxe5 Qa5 13.Rb1 Rb8 14.Qe4 Bd7 15.Rd1 Rfd8
16.Ng5 g6 17.Qh4 h5 18.Qg3 Nxe5 19.Bf4 Nxc4 20.Bxb8 Qxg5 21.Qxg5 Bxg5 22.Bc7 Rc8
23.Rxd7 b6 24.Rbd1 Nb2 25.Rb1 Na4 26.Be5 Nxc3 27.Bxc3 Rxc3 28.Rxa7 Bf6 29.Rd1 Bd4
30.g3 e5 31.Rd2 g5 32.Kg2 g4 33.h3 Kg7 34.hxg4 hxg4 35.Ra4 f5 36.Raxd4 exd4
37.Rxd4 Ra3 38.Rb4  1/2-1/2

[Event "TCh-CZE Extraliga 2005-6"]
[Site "Czech Rep CZE"]
[Date "2006.01.14"]
[Round "7"]
[White "Pakosta,M"]
[Black "Cvek,R"]
[Result "1/2-1/2"]
[WhiteElo "2178"]
[BlackElo "2498"]

1.e4 c5 2.c3 Nf6 3.e5 Nd5 4.d4 cxd4 5.Nf3 d6 6.cxd4 Nc6 7.Nc3 dxe5 8.Nxe5 Nxc3
9.Nxc6 Nxd1 10.Nxd8 Kxd8 11.Kxd1 Be6 12.Bd3 Bd5 13.f3 e6 14.Bf4 Rc8 15.Ke2 Kd7
16.Rhc1 Bd6 17.Bxd6 Kxd6 18.Rc3 Rxc3 19.bxc3 Rc8 20.Kd2 g5 21.Rc1 Bc4 22.Rb1 b6
23.a4 Bd5 24.a5 bxa5 25.Rb5 f5 26.Rxa5 Rc7 27.Ra6+ Ke7 28.c4 Bxc4 29.Bxc4 Rxc4
30.Rxa7+ Kd6 31.Kd3 Rc7 32.Ra6+ Rc6 33.Ra7 h5 34.Rh7 h4 35.Rg7 Kd5 36.Rxg5 Rc4
37.g4 hxg3 38.hxg3 Rxd4+ 39.Ke3 Ra4 40.g4 Ke5 41.gxf5 exf5 42.Rh5 Ra3+ 43.Kf2 Kf4
44.Rh4+ Kg5 45.Rh8  1/2-1/2

[Event "TCh-AUT 2005-6"]
[Site "Austria AUT"]
[Date "2006.01.15"]
[Round "7"]
[White "Pavasovic,D"]
[Black "Ruck,R"]
[Result "1/2-1/2"]
[WhiteElo "2535"]
[BlackElo "2540"]

1.e4 c5 2.c3 Nf6 3.e5 Nd5 4.Nf3 e6 5.Bc4 d6 6.d4 cxd4 7.cxd4 Nb6 8.Bd3 dxe5
9.dxe5 Na6 10.Qe2 Nc5 11.Bc2 Nd5 12.O-O Bd7 13.Nc3 Nxc3 14.bxc3 Be7 15.Nd4 Rc8
16.Re1 Qa5 17.Bd2 Ba4 18.Nb3 Qc7 19.Qg4 Kf8 20.Be3  1/2-1/2

[Event "4NCL 2005-06"]
[Site "Birmingham ENG"]
[Date "2006.01.15"]
[Round "6"]
[White "Graham,Da"]
[Black "McNab,C"]
[Result "1/2-1/2"]
[WhiteElo "2224"]
[BlackElo "2456"]

1.e4 c5 2.c3 Nf6 3.e5 Nd5 4.d4 cxd4 5.Nf3 e6 6.cxd4 d6 7.a3 Bd7 8.Bd3 Bc6
9.O-O Nd7 10.Re1 Be7 11.Bd2 Qc7 12.Nc3 Nxc3 13.Bxc3 dxe5 14.Nxe5 Nxe5 15.dxe5 Rd8
16.Qc2 g6 17.Re3 Bc5 18.Rg3 Bd4 19.Re1 Bxc3 20.Qxc3 Qd7 21.Qc1 Bb5 22.Bxb5 Qxb5
23.h4 h5 24.b4 Rd4 25.Qc8+ Rd8 26.Qc2 Qd7 27.Qc5 b6 28.Qe3 Qd2 29.Qe4 Kf8
30.Rge3 Qd4 31.Rc1 Qxe4 32.Rxe4 Ke7 33.Rc7+ Rd7 34.Rec4 Rd8 35.Kf1 b5 36.R4c5 Rxc7
37.Rxc7+ Rd7 38.Rxd7+ Kxd7 39.Ke2 Kc6 40.Kd3 Kd5 41.f4 a6  1/2-1/2

[Event "Corus C"]
[Site "Wijk aan Zee NED"]
[Date "2006.01.15"]
[Round "2"]
[White "Afek,Y"]
[Black "Adly,A"]
[Result "1/2-1/2"]
[WhiteElo "2370"]
[BlackElo "2473"]

1.e4 c5 2.c3 Nf6 3.e5 Nd5 4.Nf3 Nc6 5.d4 cxd4 6.cxd4 d6 7.Bc4 Nb6 8.Bb5 Bd7
9.Nc3 e6 10.O-O Nb4 11.Bg5 Be7 12.Ne4 dxe5 13.Nd6+ Kf8 14.Bxe7+ Qxe7 15.dxe5 Bxb5
16.Nxb5 Rd8 17.Qe2 a6 18.Nd6 Nc6 19.Rfd1 Nd5 20.Ne4 g6 21.g3 Kg7 22.Rac1 Rd7
23.Nf6 Nxf6 24.exf6+ Kxf6 25.Rxd7 Qxd7 26.Rxc6 Qxc6 27.Qe5+ Ke7 28.Qxh8 Qxf3
29.Qxh7 Qd1+ 30.Kg2 Qd5+ 31.Kh3 Qxa2 32.Qh4+ Ke8 33.Qh8+ Kd7 34.Qf6 e5 35.Qxe5 Qe6+
36.Qxe6+ Kxe6 37.Kg4 a5 38.Kf4 a4 39.Ke4 b5 40.Kd4 b4 41.h4 a3 42.bxa3 bxa3
43.Kc3 f5 44.f3 Ke5 45.Kb3 Kd4 46.Kxa3 Ke3 47.g4 fxg4 48.fxg4 Kf4 49.h5 gxh5
50.gxh5 Kg5  1/2-1/2

[Event "Classic"]
[Site "Queenstown NZL"]
[Date "2006.01.16"]
[Round "2"]
[White "Nyberg,M"]
[Black "Croad,N"]
[Result "0-1"]
[WhiteElo "1975"]
[BlackElo "2206"]

1.e4 c5 2.c3 Nf6 3.d3 g6 4.g3 Bg7 5.Bg2 Nc6 6.Na3 d5 7.Qe2 O-O 8.e5 Ng4 9.f4 Qd7
10.Nc2 f6 11.h3 Nh6 12.exf6 Bxf6 13.Qf3 e6 14.Ne2 Bg7 15.Bd2 Ne5 16.Qe3 Nf5
17.Qg1 Nxd3+ 18.Kd1 Nxb2+ 19.Ke1 Qa4 20.Ne3 Nd3+ 21.Kf1 Nxg3+ 22.Nxg3 Qa6
23.Ke2 Nxf4+ 24.Kd1 d4 25.Nc2 Qa4 26.Be4 d3 27.Bxf4 dxc2+ 28.Bxc2 Qxf4 29.Ne2 Rd8+  0-1

[Event "Classic"]
[Site "Queenstown NZL"]
[Date "2006.01.19"]
[Round "5"]
[White "Oliver,S"]
[Black "Tredinnick,M"]
[Result "0-1"]
[WhiteElo "1956"]
[BlackElo "2172"]

1.e4 c5 2.c3 Nf6 3.e5 Nd5 4.d4 cxd4 5.Nf3 e6 6.cxd4 b6 7.Bc4 Bb7 8.O-O Be7
9.Bxd5 Bxd5 10.Nc3 Bc4 11.Re1 Nc6 12.d5 exd5 13.Nxd5 O-O 14.Nxe7+ Qxe7 15.Bg5 Qe6
16.a3 Rfe8 17.Bh4 Rac8 18.Rc1 Bb3 19.Qd2 h6 20.Bg3 Bd5 21.Rc3 Bxf3 22.Rxf3 d5
23.Rd3 Red8 24.f4 Ne7 25.Bh4 Rc7 26.Rd1 Rdc8 27.Bxe7 Rc2 28.Qb4 Qg4 29.R3d2 R8c4
30.h3 Qg3 31.Bh4 Qxh4 32.Qb3 Rxd2  0-1

[Event "Corus C"]
[Site "Wijk aan Zee NED"]
[Date "2006.01.19"]
[Round "5"]
[White "Afek,Y"]
[Black "Van der Weide,K"]
[Result "0-1"]
[WhiteElo "2370"]
[BlackElo "2466"]

1.e4 c5 2.c3 Nf6 3.e5 Nd5 4.Nf3 e6 5.d4 cxd4 6.cxd4 b6 7.Nc3 Nxc3 8.bxc3 Qc7
9.Bd2 Bb7 10.Bd3 d6 11.O-O Nd7 12.Re1 dxe5 13.Nxe5 Nxe5 14.Rxe5 Bd6 15.Rh5 g6
16.Rh3 Qc6 17.Qf1 O-O 18.Bh6 Rfc8 19.Re1 Qa4 20.Bb1 Qc4 21.Re2 Ba6 22.Bd3 Qxd3
23.Rxd3 Bxd3 24.Bd2 e5 25.Qe1 Bxe2 26.Qxe2 exd4 27.cxd4 Rc2 28.g3 Rd8 29.Qd3 Rc7
30.Bc3 Be5 31.Bb2 Bg7 32.Kg2 h5 33.h3 Rd5 34.Bc3 Rcd7 35.Qa6 Bxd4 36.Bxd4 Rxd4
37.a4 Kg7 38.a5 bxa5 39.Qxa5 Kh7 40.Qa6 R4d6 41.Qa5 Rd5 42.Qa4 a5 43.Qa2 Kg8
44.Qc4 Rd4 45.Qa6 a4 46.Qc8+ Kg7 47.Qc3 Kh7 48.Qa5 R7d5 49.Qa7 Kg7 50.h4 Rd2
51.Qxa4 Rf5 52.Qa1+ Rf6  0-1

[Event "Classic"]
[Site "Queenstown NZL"]
[Date "2006.01.21"]
[Round "7"]
[White "Smerdon,D"]
[Black "Canfell,G"]
[Result "1-0"]
[WhiteElo "2421"]
[BlackElo "2354"]

1.e4 c5 2.c3 Nf6 3.e5 Nd5 4.Nf3 e6 5.d4 cxd4 6.cxd4 d6 7.Bc4 Nc6 8.Qe2 Be7
9.O-O O-O 10.Nc3 dxe5 11.dxe5 Nxc3 12.bxc3 b6 13.Qe4 Bb7 14.Bd3 g6 15.Bh6 Na5
16.Qe3 Re8 17.Rad1 Qc7 18.Ng5 Rad8 19.Bb5 Rxd1 20.Bxe8 Rxf1+ 21.Kxf1 Qc4+
22.Kg1 Qd5 23.Bxf7+ Kh8 24.Nf3 Qd1+ 25.Ne1 Nc4 26.Qc1 Qe2 27.Bxe6 Bc5 28.Nd3 Qxd3
29.Bxc4 Qxc4 30.Qg5 Bxf2+ 31.Kxf2 Qc5+ 32.Ke2 Ba6+ 33.Kd1 Qg1+ 34.Kc2 Qf2+
35.Kb3 Qf7+ 36.Ka3 Bb5 37.Qd8+  1-0

[Event "TCh-HUN 2005-6"]
[Site "Hungary HUN"]
[Date "2006.01.22"]
[Round "6"]
[White "Okhotnik,V"]
[Black "Ruck,R"]
[Result "1-0"]
[WhiteElo "2470"]
[BlackElo "2540"]

1.e4 c5 2.c3 Nf6 3.e5 Nd5 4.d4 cxd4 5.Nf3 e6 6.cxd4 d6 7.Bd3 Nb4 8.Be2 dxe5
9.dxe5 Qxd1+ 10.Kxd1 Bc5 11.a3 N4c6 12.Rf1 Nd7 13.Bf4 Nd4 14.Nc3 O-O 15.Bg3 Rd8
16.Nxd4 Bxd4 17.Bh4 Rf8 18.f4 f6 19.Nb5 fxe5 20.Nc7 Rb8 21.Nxe6 Re8 22.Nxd4 exd4
23.Kd2 Nc5 24.Bc4+ Be6 25.Bxe6+ Rxe6 26.Rae1 Rf8 27.Be7 Nb3+ 28.Kc2 Na1+
29.Kd3 Rxe1 30.Rxe1 Re8 31.Bb4 Rxe1 32.Bxe1 Kf7 33.Bf2 Nb3 34.Bxd4 a6 35.Kc4 Na5+
36.Kb4 Nc6+ 37.Kc5 g6 38.Be5 Ke6 39.Kb6 g5 40.Kxb7 Kd5 41.Kxa6  1-0

[Event "January OCF FIDE Open"]
[Site "Oklahoma City USA"]
[Date "2006.01.22"]
[Round "4"]
[White "Orton,W"]
[Black "Trammell,G"]
[Result "1/2-1/2"]
[WhiteElo "2147"]
[BlackElo "2075"]

1.e4 c5 2.c3 Nf6 3.e5 Nd5 4.d4 cxd4 5.cxd4 d6 6.Nf3 Bg4 7.Bc4 e6 8.O-O Nc6
9.exd6 Qxd6 10.Be3 Rc8 11.Nc3 Nxc3 12.bxc3 Be7 13.Be2 O-O 14.h3 Bxf3 15.Bxf3 Na5
16.Rc1 a6 17.Be4 b5 18.Bb1 Nc4 19.Qh5 g6 20.Qe2 Rfd8 21.Bh6 Rd7 22.Bd3 Bf6
23.Rfe1 Bg7 24.Bxg7 Kxg7 25.a4  1/2-1/2

[Event "Classic"]
[Site "Queenstown NZL"]
[Date "2006.01.23"]
[Round "9"]
[White "Hall,Cr"]
[Black "Safarian,A"]
[Result "0-1"]
[WhiteElo "1984"]
[BlackElo "2099"]

1.e4 c5 2.c3 Nf6 3.e5 Nd5 4.d4 cxd4 5.cxd4 Nc6 6.Nf3 g6 7.Bc4 Nb6 8.Bb3 d5
9.O-O Bg7 10.Bg5 Bg4 11.Be3 Nc4 12.h3 Bf5 13.Bxc4 dxc4 14.Qa4 Bd3 15.Re1 a6
16.Na3 O-O 17.Qd1 f6 18.Rc1 b5 19.b3 Qa5 20.d5 Qxa3 21.dxc6 fxe5 22.bxc4 bxc4
23.Ng5 Rf6 24.Qg4 Rxc6 25.Qf3 Qd6 26.Red1 Rac8 27.Qf7+ Kh8 28.Ne4 Qd8 29.Ng5 h6
30.Ne6 Qg8 31.Qxg8+ Kxg8 32.Nxg7 Kxg7 33.Rc3 h5 34.h4 Kf7 35.f3 e4 36.fxe4 Bxe4
37.Rd4 Bd3 38.Bg5 e5 39.Rd7+ Ke6 40.Re7+ Kf5 41.Kf2 Ke4 42.Rc1 Rf8+ 43.Kg3 Rf5
44.Rd7 Rf1 45.Rc3 Rb6 46.Ra3 Rb2 47.Rxa6 Rff2 48.Kh2 Rxg2+ 49.Kh1 Rh2+  0-1

[Event "Gibtelecom Masters"]
[Site "Gibraltar ENG"]
[Date "2006.01.24"]
[Round "1"]
[White "Spence,D"]
[Black "Cmilyte,V"]
[Result "0-1"]
[WhiteElo "2221"]
[BlackElo "2475"]

1.e4 c5 2.c3 Nf6 3.e5 Nd5 4.d4 cxd4 5.Nf3 Nc6 6.cxd4 d6 7.Bc4 e6 8.O-O Be7
9.Qe2 O-O 10.Qe4 Ndb4 11.Bb3 Na5 12.Bd1 dxe5 13.a3 f5 14.Qxe5 Nd3 15.Qe3 Nxc1
16.Qxc1 Nc6 17.Qe3 Bf6 18.Bb3 Nxd4 19.Nxd4 Bxd4 20.Bxe6+ Kh8 21.Qb3 Bxe6
22.Qxe6 Bxb2 23.Ra2 Bd4 24.Rd2 Qb6 25.Qxb6 Bxb6 26.Rd7 Rac8 27.Rxb7 Rc2 28.a4 Re8
29.a5 Bc5 30.Rb3 Rxf2 31.Rc3 Ree2  0-1

[Event "14th FAJR Open"]
[Site "Tehran IRI"]
[Date "2006.01.25"]
[Round "2"]
[White "Khademi,M"]
[Black "Vakhidov,T"]
[Result "0-1"]
[WhiteElo "2150"]
[BlackElo "2530"]

1.e4 c5 2.c3 Nf6 3.e5 Nd5 4.d4 cxd4 5.Nf3 Nc6 6.cxd4 d6 7.exd6 Qxd6 8.Nc3 g6
9.Qb3 Nxc3 10.bxc3 Bg7 11.Ba3 Qc7 12.Be2 O-O 13.O-O Be6 14.Qb5 Rfd8 15.Ng5 Bd5
16.Bf3 Bxf3 17.Nxf3 e6 18.Rab1 b6 19.Bb2 Rac8 20.Rbc1 Na5 21.c4 Nxc4 22.Qa6 Qc6
23.a4 Qd5 24.Ba3 Qa5 25.Qxa5 Nxa5 26.Ne5 Rxc1 27.Rxc1 Nb3 28.Re1 Nxd4 29.h3 Nc2
30.Nc6 Re8  0-1

[Event "11th HIT Open A"]
[Site "Nova Gorica SLO"]
[Date "2006.01.27"]
[Round "1"]
[White "Jeric,S"]
[Black "Epishin,V"]
[Result "1/2-1/2"]
[WhiteElo "2328"]
[BlackElo "2553"]

1.e4 c5 2.c3 Nf6 3.e5 Nd5 4.d4 cxd4 5.Nf3 e6 6.cxd4 d6 7.Nc3 Nxc3 8.bxc3 Qc7
9.Bd2 Nd7 10.exd6 Bxd6 11.Bd3 b6 12.O-O Bb7 13.h3 O-O 14.a4 Bf4 15.Bxf4 Qxf4
16.Qd2 Qd6 17.Qe3 Rac8 18.a5 Nf6 19.c4 Bxf3 20.gxf3 g6 21.Rfd1 Nh5 22.axb6 axb6
23.Ra6 Qb8 24.Bf1 Rfd8  1/2-1/2

[Event "14th FAJR Open"]
[Site "Tehran IRI"]
[Date "2006.01.27"]
[Round "4"]
[White "Khakpoor,A"]
[Black "Babaev,Ra"]
[Result "1/2-1/2"]
[WhiteElo "2277"]
[BlackElo "2473"]

1.e4 c5 2.c3 Nf6 3.e5 Nd5 4.g3 d6 5.Nf3 Nc6 6.exd6 e5 7.Bg2 Bxd6 8.d3 O-O
9.O-O Re8 10.Na3 Bf8 11.Re1 Nb6 12.Bg5 f6 13.Be3 Bf5 14.d4 cxd4 15.cxd4 Bb4
16.Rf1 Nd5 17.Nc2 Bxc2 18.Qxc2 Nxe3 19.fxe3 exd4 20.exd4 Kh8 21.Rad1 Rc8
22.Kh1 Na5 23.Qa4 Qb6  1/2-1/2

[Event "14th FAJR Open"]
[Site "Tehran IRI"]
[Date "2006.01.28"]
[Round "6"]
[White "Ghaem Maghami,E"]
[Black "Kotanjian,T"]
[Result "1-0"]
[WhiteElo "2564"]
[BlackElo "2471"]

1.e4 c5 2.c3 Nf6 3.e5 Nd5 4.d4 cxd4 5.Nf3 Nc6 6.cxd4 d6 7.Bc4 Nb6 8.Bb5 dxe5
9.Nxe5 Bd7 10.Nxd7 Qxd7 11.Nc3 e6 12.O-O Rd8 13.Qf3 Be7 14.Rd1 O-O 15.Be3 a6
16.Bxc6 bxc6 17.Rac1 Nd5 18.Na4 Rb8 19.Qe2 Rb5 20.Rc4 Bd6 21.Rdc1 Ne7 22.Nc3 Ra5
23.b3 Rb8 24.Ne4 Rab5 25.Ra4 a5 26.Nxd6 Qxd6 27.Bd2 Qd8 28.Rc5 Nf5 29.Bxa5 Nxd4
30.Qxb5  1-0

[Event "ch-Kyiv"]
[Site "Kyiv UKR"]
[Date "2006.01.29"]
[Round "7"]
[White "Kislinsky,A"]
[Black "Golichenko,I"]
[Result "0-1"]
[WhiteElo "2384"]
[BlackElo "2277"]

1.e4 c5 2.c3 Nf6 3.e5 Nd5 4.Nf3 Nc6 5.d4 cxd4 6.Bc4 Nb6 7.Bb3 d6 8.exd6 Qxd6
9.O-O Be6 10.Na3 dxc3 11.Qe2 Bxb3 12.Nb5 Qb8 13.axb3 e5 14.Nfd4 Nxd4 15.Nxd4 f6
16.bxc3 Kf7 17.Nb5 a6 18.Be3 axb5 19.Bxb6 Rxa1 20.Rxa1 Qe8 21.Ra5 b4 22.c4 Qc6
23.Rb5 Be7 24.Ba5 Ra8 25.h3 Kg8 26.Bxb4 Bxb4 27.Rxb4 Ra1+ 28.Kh2 e4 29.Rb5 h6
30.Qe3 Qd6+ 31.Qg3 Qd1 32.Qb8+ Kh7 33.Qxb7 Qd6+ 34.g3 Qd4 35.Kg2 Qd3  0-1

[Event "ch-Kyiv"]
[Site "Kyiv UKR"]
[Date "2006.01.29"]
[Round "7"]
[White "Solomaha,A"]
[Black "Goncharov,O"]
[Result "1-0"]
[WhiteElo "2379"]
[BlackElo "2172"]

1.e4 c5 2.c3 Nf6 3.e5 Nd5 4.d4 cxd4 5.cxd4 e6 6.Nc3 Nxc3 7.bxc3 Qc7 8.Bd2 b6
9.f4 Bb7 10.Nf3 d6 11.Bd3 Nd7 12.O-O Bd5 13.Ng5 g6 14.Ne4 Bxe4 15.Bxe4 d5
16.Bd3 Be7 17.Qe2 Rd8 18.g4 h5 19.f5 gxf5 20.gxf5 exf5 21.Rxf5 Qc6 22.Raf1 h4
23.Rxf7 Qe6 24.Bf5 Qc6 25.e6 Rg8+ 26.Kh1 Nc5 27.Qh5 Nxe6 28.Bxe6  1-0

[Event "Open"]
[Site "Moscow RUS"]
[Date "2006.01.30"]
[Round "2"]
[White "Ivanov,Vic"]
[Black "Kaganskiy,G"]
[Result "1-0"]
[WhiteElo "2494"]
[BlackElo "2359"]

1.e4 c5 2.c3 Nf6 3.e5 Nd5 4.Bc4 Nb6 5.Bb3 Nc6 6.Nf3 d5 7.exd6 Qxd6 8.Na3 Be6
9.d4 cxd4 10.Nb5 Qd7 11.Bxe6 Qxe6+ 12.Be3 Qd7 13.Nbxd4 Nxd4 14.Bxd4 f6 15.Qb3 Qc6
16.O-O-O Nc4 17.Rhe1 a6 18.Qc2 g6 19.Qe4 Qxe4 20.Rxe4 e5 21.b3 Nd6 22.Re2 Nf7
23.Bb6 Rc8 24.Kb2 Bc5 25.Bxc5 Rxc5 26.Red2 Rc7 27.a4 Ke7 28.a5 Rd8 29.Rxd8 Nxd8
30.b4 Rd7 31.Rxd7+ Kxd7 32.c4 Nc6 33.Kc3 Kd6 34.Nd2 f5 35.Nb3 g5 36.b5 Na7
37.Kb4 axb5 38.cxb5 e4 39.Nc5 Kd5 40.Nxb7 f4 41.b6 Nc6+ 42.Kc3 Nb8 43.Kb4 Kd4
44.Nd6 e3 45.fxe3+ Kxe3 46.Kb5 Kf2 47.a6 Nxa6 48.Kxa6 Kxg2 49.b7 f3 50.Ne4  1-0

[Event "Gibtelecom Masters"]
[Site "Gibraltar ENG"]
[Date "2006.01.31"]
[Round "8"]
[White "Hutchinson,N"]
[Black "Tscharotschkin,M"]
[Result "0-1"]
[WhiteElo "2118"]
[BlackElo "2227"]

1.e4 c5 2.c3 Nf6 3.e5 Nd5 4.Nf3 e6 5.d4 cxd4 6.cxd4 d6 7.a3 Bd7 8.Bd3 dxe5
9.dxe5 Be7 10.O-O O-O 11.Qe2 Re8 12.Qe4 g6 13.Qg4 f5 14.Qg3 Nc6 15.Nc3 Nxc3
16.bxc3 Na5 17.Bh6 Qc7 18.Rfe1 Nb3 19.Rad1 Nc5 20.Nh4 Bxh4 21.Qxh4 Ba4 22.Rd2 Rad8
23.Bb1 Rxd2 24.Bxd2 Bb3 25.Bg5 b5 26.Qd4 Bd5 27.h4 a5 28.h5 Nb3 29.Qe3 gxh5
30.Bf6 Qf7 31.Qg5+ Qg6 32.Re3 Qxg5 33.Bxg5 Kf7 34.Rh3 Kg6 35.Rg3 Rg8 36.Bd8+ Kf7
37.Rxg8 Kxg8 38.Bc2 a4 39.Bd1 Nd2 40.Bxh5 Nb1 41.Be8 Nxa3 42.Kh2 Nb1 43.Kg3 a3
44.Kh4 a2 45.Kg5 Kf8 46.Ba5 a1=Q  0-1

[Event "ch-Kyiv"]
[Site "Kyiv UKR"]
[Date "2006.01.31"]
[Round "9"]
[White "Solomaha,A"]
[Black "Golichenko,I"]
[Result "1-0"]
[WhiteElo "2379"]
[BlackElo "2277"]

1.e4 c5 2.c3 Nf6 3.e5 Nd5 4.d4 cxd4 5.cxd4 Nc6 6.Nf3 d6 7.Bc4 Nb6 8.Bb5 dxe5
9.Nxe5 Bd7 10.Nxd7 Qxd7 11.Nc3 e6 12.O-O Be7 13.Qg4 O-O 14.Bxc6 bxc6 15.Bh6 Bf6
16.Rfd1 Rfd8 17.Ne4 Qe7 18.Rd3 Kh8 19.Bg5 Bxg5 20.Qxg5 Qxg5 21.Nxg5 Kg8 22.Rc1 Rac8
23.Ne4 Nd5 24.Rc4 Nb6 25.Rc5 Na4 26.Rc2 c5 27.b3 cxd4 28.Rxd4 f5 29.Rxd8+ Rxd8
30.Nd2 Nc5 31.Kf1 Nd3 32.a3 e5 33.g3 e4 34.Ke2 h6 35.f3 exf3+ 36.Nxf3 f4
37.Rc3 Nb2 38.gxf4 Kh7 39.Rc2 Re8+ 40.Ne5 g5 41.Kf3 gxf4 42.Kxf4 Nd1 43.Rc7+ Kg8
44.Ng4 Rf8+ 45.Ke5 Rf3 46.Ke6 Kf8 47.Nf6 Re3+ 48.Kf5 Re2 49.Rxa7 Rxh2 50.Kg6 Rg2+
51.Kxh6 Ne3 52.Nh7+ Ke8 53.Ng5 Rg3 54.b4 Nc2 55.b5 Rxa3 56.b6 Kd8 57.Ne6+ Kc8
58.Rc7+ Kb8 59.Rxc2 Rd3 60.Nc5 Rd6+ 61.Kg7 Rc6 62.Kf7 Rd6 63.Ke7 Rh6 64.Nd7+ Kb7
65.Rc7+ Ka6 66.Ra7+  1-0

[Event "11th HIT Open A"]
[Site "Nova Gorica SLO"]
[Date "2006.01.31"]
[Round "8"]
[White "Jeric,S"]
[Black "Cvitan,O"]
[Result "0-1"]
[WhiteElo "2328"]
[BlackElo "2528"]

1.e4 c5 2.c3 Nf6 3.e5 Nd5 4.d4 cxd4 5.Nf3 d6 6.cxd4 Nc6 7.Bc4 Nb6 8.Bb3 dxe5
9.d5 Na5 10.Nc3 Bg4 11.Be3 Nxb3 12.Qxb3 Bxf3 13.gxf3 g6 14.a4 Bg7 15.a5 Nd7
16.Qxb7 Rb8 17.Qxa7 Rxb2 18.O-O O-O 19.Rfb1 Rxb1+ 20.Rxb1 e4 21.Nxe4 Ne5
22.Qc5 Qd7 23.Nd2 Nxf3+ 24.Nxf3 Qg4+ 25.Kf1 Qxf3 26.Rb4 Be5 27.Qc4 Bd6 28.Rb6 f5
29.Bc5 f4 30.Bxd6 exd6 31.Rxd6 Qd1+ 32.Kg2 f3+ 33.Kh3 Qg1 34.Rd7 Qg2+ 35.Kh4 Qxh2+
36.Kg4 Qg2+ 37.Kh4 Qxf2+ 38.Kg4 Qg2+ 39.Kh4 g5+ 40.Kh5 Qh3+ 41.Kxg5 Rf5+  0-1

[Event "11th HIT Open A"]
[Site "Nova Gorica SLO"]
[Date "2006.02.01"]
[Round "9"]
[White "Pavasovic,D"]
[Black "Epishin,V"]
[Result "1/2-1/2"]
[WhiteElo "2535"]
[BlackElo "2553"]

1.e4 c5 2.c3 Nf6 3.e5 Nd5 4.Nf3 Nc6 5.Bc4 Nb6 6.Bb3 c4 7.Bc2 Qc7 8.Qe2 g5
9.h3 Bg7 10.O-O Nxe5 11.Nxg5 d5 12.a4 Ng6 13.d4 cxd3 14.Bxd3 Nd7 15.Re1 Qd6
16.Na3 a6 17.Nf3 O-O 18.Be3 e5 19.Rad1 Qc6 20.Bf5 e4 21.Nd4 Qf6 22.f3 exf3
23.Qxf3 Nh4 24.Qh5 Ng6 25.Nac2 Qd6 26.Bh6 Nf6 27.Qg5 Ne4 28.Bxe4 Bxh6 29.Qxh6 dxe4
30.Rxe4 f5 31.Rde1 Qc5 32.Kh1 f4 33.Nf3 b5 34.Ne5 Re8  1/2-1/2